| 000 | 00525pab a2200181 454500 | ||
|---|---|---|---|
| 008 | 180718b2010 xxu||||| |||| 00| 0 eng d | ||
| 100 | _aSharma, R.K. | ||
| 245 | _aRural credit system and factors affecting credit in Kangra district of Himachal Pradesh | ||
| 260 | _c2010 | ||
| 300 | _ap.435-446. | ||
| 362 | _aNov | ||
| 650 | _aAgricultural credit - India - Himachal Pradesh | ||
| 650 | _aAgricultural credit | ||
| 700 | _aGuleria, Amit | ||
| 773 | _aAgricultural Situation in India | ||
| 908 | _aN | ||
| 909 | _a93576 | ||
| 999 |
_c93576 _d93576 |
||